Papers on Numerical Methods and Their Applications
Enregistré dans:
| Format: | Livre |
|---|---|
| Langue: | anglais |
| Publié: |
Poznan
Akademia Ekon.
1985
|
| Édition: | 1. ed. |
| Collection: | Zeszyty naukowe
132 |
| Tags: |
Pas de tags, Soyez le premier à ajouter un tag!
|
MARC
| LEADER | 00000nam a2200000 4500 | ||
|---|---|---|---|
| 001 | c039340 | ||
| 005 | 20221220075938.1 | ||
| 041 | 0 | |a eng | |
| 044 | |a PL | ||
| 245 | 1 | 0 | |a Papers on Numerical Methods and Their Applications |
| 250 | |a 1. ed. | ||
| 264 | 1 | |a Poznan |b Akademia Ekon. |c 1985 | |
| 300 | |a 155 s. | ||
| 490 | 1 | |a Zeszyty naukowe |v 132 | |
| 830 | 0 | |a Zeszyty naukowe |v 132 | |